000 00196 a2200097 4500
001 16309
100 _aMorrison
245 _aInstrument Pilot Exam.
260 _a
_bArco
_c
090 _c12482
_d12482
942 _aNUST-CAE
_cM
_c2761
999 _c251382
_d251382